Statistics for Districts of Merseyside

Click here to take the quiz!

General Stats

  • This quiz has been taken 49 times
  • The average score is 4 of 5

Answer Stats

StatusAnswer% Correct
CityCity of Liverpool
100%
BoroughWirral
75%
BoroughSt Helens
69%
BoroughSefton
67%
BoroughKnowsley
58%

Score Distribution

Percentile by Number Answered

Percent of People with Each Score

Your Score History

You have not taken this quiz